000 00392nam a2200133Ia 4500
008 211109s9999||||xx |||||||||||||| ||und||
082 _a894.8123
_bTHI-K
100 _aThiruvankulam, Anujan
245 0 _aKupresidha Kavarcha Kessukal
260 _bCurrent Books
_aKottayam Bn 795
_c1978
630 _xgeneral stack
650 _aMalayalam LIterature
_vMalayalam FictionGeneralia
942 _cBOOK
999 _c78802
_d78802